Television and social change (Record no. 2855)

000 -LEADER
fixed length control field 00285nam a22001217a 4500
020 ## - INTERNATIONAL STANDARD BOOK NUMBER
International Standard Book Number 9789381421543
082 ## - DEWEY DECIMAL CLASSIFICATION NUMBER
Classification number 302.2345
100 ## - MAIN ENTRY--PERSONAL NAME
Personal name Pawan Kumar Saxena
245 ## - TITLE STATEMENT
Title Television and social change
260 ## - PUBLICATION, DISTRIBUTION, ETC.
Place of publication, distribution, etc. New Delhi
Name of publisher, distributor, etc. Random publications
Date of publication, distribution, etc. 2011
300 ## - PHYSICAL DESCRIPTION
Extent 304p
942 ## - ADDED ENTRY ELEMENTS (KOHA)
Koha item type Book
Holdings
Withdrawn status Lost status Damaged status Not for loan Collection code Permanent Location Current Location Shelving location Date acquired Total Checkouts Full call number Barcode Date last seen Date last checked out Price effective from Koha item type
          Central Library (CL) Central Library (CL) General Stacks 03/22/2016 1 302.2345 SAX S3H-S-127 01/01/2023 10/28/2022 03/22/2016 Book
© 2023 Central Library, National University of Sciences and Technology. All Rights Reserved.